1176 1468 1873 1906 1256 1985 1865 1309 1813 1847 1009 1983 1952 1464 1318 1091 1419 1921 1621 1417 1256 1761 1931 1258 1802 1422 1525 1621 1632 1607 1867 1445 1257 1578 1191 1756 1395 1569 1587 1068 1933 1201 1896 1933 1906 1478 1237 1058 1288 1372 1631 1928 1644 1352 1323 1619 1911 1712 1642 1334 1184 1319 1734 1916 1014 1501 1415 1672 1925 1289 1445 1503 1729 1161 1861 1918 1307 1466 1615 1063 1669 1275 1994 1143 1972 1165 1341 1772 1884 1440 1430 1789 1595 1779 1637 1840 1406 1390 1062 BCNSPRNW ULIB Ver.6.0+V

เปลี่ยนเป็นภาษาไทย

Change to English
 แสดงรายละเอียดบรรณานุกรม
  กลับหน้าหลัก

Brief Record : Get Marc (ISO 2709) : E-mail record : QR code < ปิดหน้าต่าง
LEADER : 00000nam 2200000uu 4500
001    13399119956
003     ULIB
008    020711s2551 th a 000 0 tha d
020    9789740423409
090    นว.^bล266พ
100    ลานไพลิน
245    พยับเมฆ ลายหมอก/^cลานไพลิน
260    กรุงเทพฯ :^bสถาพรบุ๊คส์,^c2551
945    ^p180^l0^i15039
999    ^aทศพร เกษรทอง
รายการนี้ยังไม่มีแท็ก
คุณยังไม่ได้ล็อกอิน คุณสามารถมีกิจกรรมร่วมกับเว็บไซต์ได้ แต่ต้องล็อกอินก่อน ::
  ล็อกอิน

รายการสื่อสารสนเทศ

ลำดับที่ ประเภท เลขเรียก/บาร์โค้ด สถานที่ สถานะ
1. นวนิยาย
นวนิยาย
นว. ล266พ ฉ.1 
  Barcode: 15039
ห้องสมุดวิทยาเขตสวรรค์ประชารักษ์
►นวนิยาย
บนชั้น
  ขอยืม

BibComment


ยังไม่เคยถูกคอมเมนท์

คอมเมนท์ทรัพยากรรายการนี้
  คอมเมนท์: พยับเมฆ ลายหมอก ล..


 Copyright 2026. Bcnsprnw @Library